Why Stock Markets Crash : Critical Events in Complex Financial Systems /
Estudio que analiza los factores financieros que ayudan a comprender las fallas o cracks bursátiles que se producen en las cotizaciones de las bolsas de valores. El autor apoya sus planteamientos en la teoría de los sistemas complejos a complejidad y en la historia de las diferentes crisis de las bo...
Збережено в:
| Автор: | |
|---|---|
| Формат: | Книга |
| Мова: | Англійська |
| Опубліковано: |
Princeton, EUA :
Princeton University,
2003, c2003
|
| Предмети: | |
| Теги: |
Немає тегів, Будьте першим, хто поставить тег для цього запису!
|
MARC
| LEADER | 00000nam^a2200000^a^4500 | ||
|---|---|---|---|
| 001 | 000380506 | ||
| 005 | 20250521000000.0 | ||
| 009 | 20260310120605.067 | ||
| 020 | |a 0-691-11850-7 | ||
| 037 | |a Acervo ITESO - Biblioteca | ||
| 041 | |a ING | ||
| 082 | |a 332. 632 |b SOR | ||
| 100 | |a Sornette, Didier |e (autor) | ||
| 245 | 1 | 0 | |a Why Stock Markets Crash : |b Critical Events in Complex Financial Systems / |c D. Sornette. |
| 264 | 4 | |a Princeton, EUA : |b Princeton University, |c 2003, c2003 | |
| 300 | |a XX, 421 p. | ||
| 336 | |a texto |b txt |2 rdacontenido | ||
| 337 | |a sin mediación |b n |2 rdamedio | ||
| 338 | |a volumen |b nc |2 rdasoporte | ||
| 520 | |a Estudio que analiza los factores financieros que ayudan a comprender las fallas o cracks bursátiles que se producen en las cotizaciones de las bolsas de valores. El autor apoya sus planteamientos en la teoría de los sistemas complejos a complejidad y en la historia de las diferentes crisis de las bolsas. | ||
| 649 | |a XX | ||
| 650 | |a Mercado de Valores - |x Historia | ||
| 650 | |a Mercado de Valores - |x Tema Principal | ||
| 650 | |a Precios | ||
| 650 | |a Crisis Económica | ||
| 650 | |a Sistema Financiero | ||
| 650 | |a Predicción - |x Teoría | ||
| 650 | |a Teoría de la Complejidad | ||
| 650 | |a Sistemas de Autoorganización | ||
| 650 | |a Finanzas | ||
| 650 | |a Economía | ||
| 910 | |a Fondo General | ||
| 920 | |a Impresos - Libros | ||
| 930 | |a Colección General | ||
| 905 | |a 101 | ||
| 901 | |a 0500275403 |b IT1 |c ACC |i C152086 |u 20250521 | ||
| 902 | |a https://opac.biblio.iteso.mx/vufind/Record/000380506 | ||